|
|
|
|
| LEADER |
00000cam a2200000 a 4500 |
| 001 |
29062 |
| 003 |
CZ-ZlUTB |
| 005 |
20190825235644.0 |
| 007 |
ta |
| 008 |
020624s2002 xr a e 000 0 cze |
| 015 |
|
|
|a cnb000891925
|
| 020 |
|
|
|a 8086600033
|q (brož.)
|
| 035 |
|
|
|a (OCoLC)53269505
|
| 040 |
|
|
|a ULG001
|b cze
|d ABA001
|d ZLD002
|
| 041 |
1 |
|
|a cze
|h ger
|
| 072 |
|
7 |
|a 13
|x Filozofie ducha
|2 Konspekt
|9 5
|
| 080 |
|
|
|a 141.333
|2 MRF
|
| 080 |
|
|
|a 316.346.2-055.2
|2 MRF
|
| 080 |
|
|
|a 13
|2 MRF
|
| 080 |
|
|
|a 316.356.2
|2 MRF
|
| 080 |
|
|
|a 64
|2 MRF
|
| 080 |
|
|
|a (0:82-4)
|2 MRF
|
| 100 |
1 |
|
|a Schmidt-Brabant, Manfred,
|d 1926-2001
|7 xx0002147
|4 aut
|
| 245 |
1 |
0 |
|a Spirituální základy práce ženy-matky /
|c Manfred Schmidt-Brabant ; [z německého originálu ... přeložila Věra Hejlová]
|
| 260 |
|
|
|a Hranice :
|b Fabula,
|c 2002
|
| 300 |
|
|
|a 97 s. :
|b il. ;
|c 21 cm
|
| 650 |
0 |
7 |
|a antropozofie
|7 ph118535
|2 czenas
|
| 650 |
0 |
7 |
|a ženy
|7 ph127967
|2 czenas
|
| 650 |
0 |
7 |
|a duchovní život
|7 ph114375
|2 czenas
|
| 650 |
0 |
7 |
|a rodina
|7 ph117260
|2 czenas
|
| 650 |
0 |
7 |
|a domácí hospodářství
|7 ph119553
|2 czenas
|
| 650 |
0 |
9 |
|a anthroposophy
|2 eczenas
|
| 650 |
0 |
9 |
|a women
|2 eczenas
|
| 650 |
0 |
9 |
|a spiritual life
|2 eczenas
|
| 650 |
0 |
9 |
|a family
|2 eczenas
|
| 650 |
0 |
9 |
|a home economics
|2 eczenas
|
| 655 |
|
7 |
|a úvahy
|7 fd134000
|2 czenas
|
| 655 |
|
9 |
|a essays
|2 eczenas
|
| 700 |
1 |
|
|a Hejlová, Věra
|4 trl
|
| 765 |
0 |
|
|t Spirituelle Grundlagen einer menschengemäßen Hausmütterarbeit
|9 Česky
|
| 910 |
|
|
|a ZLD002
|
| 952 |
|
|
|0 0
|1 0
|4 0
|6 1SCHMIDTBRABANTM
|7 0
|8 BOOK
|9 70284
|a UTBZL
|b UTBZL
|c 005
|d 2006-10-17
|l 1
|o 1/SCHMIDT-BRABANT,M.
|p 420010103295
|r 2019-08-25 00:00:00
|v 118.00
|w 2019-08-25
|x N: převod z FHS, Švec V.; | 20100531
|y 01
|
| 992 |
|
|
|a BK
|b SK
|d 1
|
| 999 |
|
|
|c 29062
|d 29062
|